000 00494nam a22001697a 4500
003 MPLRDC
005 20220104125721.0
008 210129b ||||| |||| 00| 0 eng d
082 _a906.8 LFG v.7 1988
100 _a高阶秀尔监修
245 _a罗浮宫美术馆 VII: 浪漫派的抬头
_c张丰荣编译
260 _a
_b龙和出版有限公司
_c1988
300 _b
490 _a罗浮宫美术馆全集. 7
650 _a艺术机构--艺术馆
942 _cBK
_o906.8 LFG v.7 1988
999 _c29575
_d29565